Elements of Electrical Power Station Design (Record no. 7504)

MARC details
000 -LEADER
fixed length control field 00423nam a2200157Ia 4500
008 - FIXED-LENGTH DATA ELEMENTS--GENERAL INFORMATION
fixed length control field 230312s9999||||xx |||||||||||||| ||und||
020 ## - INTERNATIONAL STANDARD BOOK NUMBER
International Standard Book Number 81-203-3647-6
082 ## - DEWEY DECIMAL CLASSIFICATION NUMBER
Classification number 621.312
Item number DES-E
100 ## - MAIN ENTRY--PERSONAL NAME
Personal name Deshpande;M.V
245 #0 - TITLE STATEMENT
Title Elements of Electrical Power Station Design
260 ## - PUBLICATION, DISTRIBUTION, ETC.
Name of publisher, distributor, etc. PHI
Place of publication, distribution, etc. India
Date of publication, distribution, etc. 2011
300 ## - PHYSICAL DESCRIPTION
Extent 438
546 ## - LANGUAGE NOTE
Language note Eng.
650 ## - SUBJECT ADDED ENTRY--TOPICAL TERM
Topical term or geographic name entry element Engineering
Form subdivision Elements of Electrical Power Station Design
942 ## - ADDED ENTRY ELEMENTS (KOHA)
Koha item type BOOK
Holdings
Withdrawn status Lost status Source of classification or shelving scheme Damaged status Not for loan Home library Current library Date acquired Total Checkouts Full call number Barcode Date last seen Price effective from Koha item type
    Dewey Decimal Classification     Superior Information Resource Center (SIRC) Superior University- Main Campus Superior Information Resource Center (SIRC) Superior University- Main Campus 03/13/2023   621.312 DES-E 7610 03/13/2023 03/13/2023 BOOK

Powered by Koha